000 01033nam a2200241 i 4500
001 154274
003 ES-MaACL
005 20250805062549.0
008 041105s1858 fr |||| | fre d
040 _aCAM
_bspa
_cCAM
100 1 _aGemistus Plethon, Georgius.
_9127281
245 1 0 _aTraité des lois, ou recueil des fragments, en partie inédits, de cet ouvrage, texte revu sur les manuscrits, précédé d'un notice historique et critique, et augmenté d'un choix de pièces justificatives, la plupart inédites /
_cpar C. Alexandre; traduction par A. Pellissier.
260 _aParis :
_bLibraire de Firmin Didot Frères, fils et C\pie\s,
_c1858.
300 _aC, 472 p. ;
_c22 cm.
500 _aTexto paralelo en griego y francés.
594 _aPrecede autor y título en griego.
650 4 _aReligión-
_xFilosofía
_916799
650 4 _aPolítica-
_xFilosofía
_916274
700 1 _aAlexandre, C.
_9125605
700 1 _aPellissier, A.
_9130949
852 _aES-MaACL
_jG-12095
_z-- Enc. hol.
999 _c154274
_d154274